Văn học Cuộc sống Nhà văn

Na minha lista:
Detalhes bibliográficos
Autor principal: Hoàng Trinh
Formato: Livro
Idioma:Vietnamese
Tags: Adicionar Tag
Sem tags, seja o primeiro a adicionar uma tag!
Thư viện lưu trữ: Mạng thư viện Đại học Đà Nẵng
LEADER 00499nam a2200205 4500
001 000003932
003 59
005 20121211001223.0
008 110712s viesd
041 0 |a vie 
100 0 |a Hoàng Trinh 
245 0 |a Văn học Cuộc sống Nhà văn  |c Hoàng Trinh 
OWN |a LSP 
999 |a From the UDN01 
TYP |a Monograph 
TYP |a Printed language 
980 |a Mạng thư viện Đại học Đà Nẵng